| 000 | 00732nam a22002297a 4500 | ||
|---|---|---|---|
| 005 | 20251108173528.0 | ||
| 008 | 250721s2007 xx 000 0 ara d | ||
| 020 | _a9957074962 | ||
| 082 | 1 | 4 | _a371.33/ قند |
| 100 | 1 | _aقنديل، محمد متولي | |
| 245 | 1 | 0 | _aالمواد التعليمية في الطفولة المبكرة / |
| 264 | 1 |
_aعمان : _bدار الفكر ناشرون و موزعون، _c2007. |
|
| 300 | _a528ص. | ||
| 650 | 1 | 7 | _aأساليب التدريس |
| 650 | 1 | 7 | _aطرق التعلم |
| 650 | 1 | 7 | _aالتربية |
| 650 | 1 | 7 | _aالطفولة المبكرة |
| 650 | 1 | 7 | _aرعاية الطفولة |
| 700 | 1 | _aبدوي، رمضان مسعد | |
| 942 |
_2ddc _cBK |
||
| 999 |
_c106083 _d106083 |
||